[Event "SVK-chT2C 2223"]
[Site "Slovakia"]
[Date "2023.03.25"]
[Round "10.5"]
[White "Devera, Simon"]
[Black "Ballo, Rene"]
[Result "1-0"]
[WhiteElo "1891"]
[BlackElo "1889"]
[PlyCount "47"]
[EventDate "2022.10.08"]
[EventType "team-tourn"]
[EventRounds "11"]
[EventCountry "SVK"]
[SourceTitle "EXT 2024"]
[Source "ChessBase"]
[SourceDate "2023.10.10"]
[SourceVersion "1"]
[SourceVersionDate "2023.10.10"]
[SourceQuality "1"]
[WhiteTeam "Zilina Mladost III"]
[BlackTeam "Filakovo"]
[WhiteTeamCountry "SVK"]
[BlackTeamCountry "SVK"]

1. e4 f6 2. d4 g6 3. Bc4 e6 4. Nc3 Nh6 5. Nf3 d6 6. Qe2 Nf7 7. 0-0 Bg7 8. Bf4 0-0 9. Rad1 Qe7 10. e5 fxe5 11. dxe5 d5 12. Bxd5 exd5 13. Nxd5 Qd8 14. Nf6+ Bxf6 15. Rxd8 Bxd8 16. e6 Nc6 17. exf7+ Rxf7 18. Bh6 Be7 19. Ng5 Rf5 20. Qc4+ Kh8 21. Nf7+ Kg8 22. Nd6+ Kh8 23. Nxf5 Ne5 24. Bg7# 1-0

[Event "SVK-chT2C 2223"]
[Site "Slovakia"]
[Date "2023.02.11"]
[Round "8.6"]
[White "Janik, Miroslav"]
[Black "Ballo, Rene"]
[Result "0-1"]
[WhiteElo "1851"]
[BlackElo "1889"]
[PlyCount "126"]
[EventDate "2022.10.08"]
[EventType "team-tourn"]
[EventRounds "11"]
[EventCountry "SVK"]
[SourceTitle "EXT 2024"]
[Source "ChessBase"]
[SourceDate "2023.10.10"]
[SourceVersion "1"]
[SourceVersionDate "2023.10.10"]
[SourceQuality "1"]
[WhiteTeam "Dunajov Martin III"]
[BlackTeam "Filakovo"]
[WhiteTeamCountry "SVK"]
[BlackTeamCountry "SVK"]

1. e4 f6 2. d4 d6 3. f4 g6 4. Bc4 e6 5. Nc3 Bg7 6. Nf3 Nh6 7. 0-0 Nf7 8. Be3 0-0 9. Qd2 c6 10. a4 Na6 11. f5 exf5 12. exf5 Bxf5 13. Nh4 Bd7 14. Bxa6 bxa6 15. Qd3 a5 16. b3 d5 17. Qd2 Qe7 18. Rae1 Rae8 19. Bf2 Qb4 20. Be3 Re6 21. Na2 Qb6 22. b4 axb4 23. Qxb4 Rfe8 24. Bd2 Nd6 25. a5 Qb5 26. Qxb5 Nxb5 27. c3 Rxe1 28. Rxe1 Rxe1+ 29. Bxe1 Bh6 30. Kf2 Nd6 31. Nf3 Kf7 32. Nb4 Ne4+ 33. Ke2 Ke7 34. h3 Kd6 35. Nd3 Bc8 36. Nb4 c5 37. dxc5+ Kxc5 38. Nd4 Kc4 39. Ndc6 Bf8 40. Nxa7 Bxb4 41. cxb4 Ba6 42. Ke3 Nd6 43. Nc6 Nf5+ 44. Kf4 Nd4 45. Nb8 Bb5 46. a6 Ne6+ 47. Ke3 d4+ 48. Ke4 Nc7 49. a7 Be8 50. Bf2 f5+ 51. Ke5 d3 52. Be1 Kb5 53. Kd4 Kb6 54. a8Q Nxa8 55. Kxd3 Kb7 56. Bg3 Bb5+ 57. Kd4 g5 58. Bd6 Nc7 59. Kc5 Bf1 60. Bxc7 Kxc7 61. Nc6 Bxg2 62. Nd4 g4 63. Nxf5 gxh3 0-1

[Event "SVK-chT2C 2223"]
[Site "Slovakia"]
[Date "2022.11.13"]
[Round "4.4"]
[White "Jelen, Peter"]
[Black "Ballo, Rene"]
[Result "1-0"]
[WhiteElo "2028"]
[BlackElo "1858"]
[PlyCount "65"]
[EventDate "2022.10.08"]
[EventType "team-tourn"]
[EventRounds "11"]
[EventCountry "SVK"]
[SourceTitle "EXT 2024"]
[Source "ChessBase"]
[SourceDate "2023.10.10"]
[SourceVersion "1"]
[SourceVersionDate "2023.10.10"]
[SourceQuality "1"]
[WhiteTeam "Ondrasova Krivan"]
[BlackTeam "Filakovo"]
[WhiteTeamCountry "SVK"]
[BlackTeamCountry "SVK"]

1. c4 g6 2. Nc3 d6 3. d4 Bg7 4. e4 c6 5. Be2 Nh6 6. h4 f6 7. h5 e5 8. Be3 Nf7 9. hxg6 hxg6 10. Rxh8+ Bxh8 11. f4 exd4 12. Bxd4 f5 13. Nf3 Bf6 14. Qd2 c5 15. Bxf6 Qxf6 16. Nd5 Qd8 17. e5 Nc6 18. 0-0-0 dxe5 19. fxe5 Be6 20. Qe3 Qa5 21. Ng5 Nd4 22. Nxe6 Nxe6 23. Nf6+ Kf8 24. Kb1 Rd8 25. Nd5 Re8 26. Qg3 Neg5 27. Nf4 Qc7 28. e6 Qb6 29. exf7 Rxe2 30. Nxe2 Ne4 31. Qe5 Nd2+ 32. Rxd2 Qxb2+ 33. Kxb2 1-0

[Event "SVK-chT2C 2122"]
[Site "Slovakia"]
[Date "2022.02.12"]
[Round "7.5"]
[White "Mikulec, Martin"]
[Black "Ballo, Rene"]
[Result "1-0"]
[WhiteElo "1871"]
[BlackElo "1877"]
[PlyCount "97"]
[EventDate "2021.10.16"]
[EventType "team-tourn"]
[EventRounds "11"]
[EventCountry "SVK"]
[SourceTitle "EXT 2023"]
[Source "ChessBase"]
[SourceDate "2022.10.05"]
[SourceVersion "1"]
[SourceVersionDate "2022.10.05"]
[SourceQuality "1"]
[WhiteTeam "Banska Bystrica Kurta"]
[BlackTeam "Filakovo"]
[WhiteTeamCountry "SVK"]
[BlackTeamCountry "SVK"]

1. e4 Nc6 2. Nf3 e6 3. d4 d6 4. c4 g6 5. b3 Bg7 6. Bb2 Nh6 7. Bd3 0-0 8. 0-0 e5 9. d5 Ne7 10. Nbd2 f6 11. Rc1 b6 12. b4 a5 13. b5 Nf7 14. a4 f5 15. Qc2 f4 16. Nh4 Bf6 17. Ndf3 g5 18. Nf5 Nxf5 19. exf5 Nh6 20. h3 Qe7 21. Nh2 Bg7 22. g4 fxg3 23. fxg3 g4 24. h4 Bf6 25. Qe2 Qg7 26. Rb1 Kh8 27. Bc1 Rg8 28. Qe4 Nf7 29. Bd2 h5 30. Rbe1 Bd7 31. Re2 Raf8 32. Ref2 Kh7 33. Re1 Nd8 34. Nf1 Nb7 35. Be3 Qe7 36. Nd2 Nd8 37. Bg5 Kg7 38. Qe3 Nf7 39. Ne4 Bxg5 40. hxg5 Bxf5 41. Rxf5 Rh8 42. Ref1 h4 43. gxh4 Rxh4 44. Qf2 Rh5 45. g6 Kxg6 46. Rxh5 Kxh5 47. Qh2+ Qh4 48. Nf6+ Kg5 49. Rf5+ 1-0

[Event "SVK-chT2C 1718"]
[Site "Slovakia"]
[Date "2018.03.17"]
[Round "10.5"]
[White "Ondras, Michal"]
[Black "Ballo, Rene"]
[Result "1/2-1/2"]
[WhiteElo "1976"]
[BlackElo "1903"]
[PlyCount "42"]
[EventDate "2017.10.28"]
[EventType "team-tourn"]
[EventRounds "11"]
[EventCountry "SVK"]
[SourceTitle "EXT 2020"]
[Source "ChessBase"]
[SourceDate "2019.10.17"]
[SourceVersion "1"]
[SourceVersionDate "2019.10.17"]
[SourceQuality "1"]
[WhiteTeam "Cadca Caissa"]
[BlackTeam "Filakovo"]
[WhiteTeamCountry "SVK"]
[BlackTeamCountry "SVK"]

1. d4 Nf6 2. c4 g6 3. Nc3 Bg7 4. Nf3 d6 5. e4 Nc6 6. Be2 0-0 7. 0-0 e5 8. d5 Ne7 9. h3 Ne8 10. Bg5 f6 11. Bh4 h6 12. Nd2 g5 13. Bg3 f5 14. f3 f4 15. Bf2 b6 16. b4 a5 17. a3 Ng6 18. c5 axb4 19. axb4 Rxa1 20. Qxa1 bxc5 21. bxc5 h5 1/2-1/2

[Event "SVK-chT2C 1415"]
[Site "Slovakia"]
[Date "2015.03.08"]
[Round "11.7"]
[White "Kupka, Jakub"]
[Black "Ballo, Rene"]
[Result "1/2-1/2"]
[WhiteElo "1849"]
[BlackElo "1912"]
[PlyCount "96"]
[EventDate "2014.10.11"]
[EventType "team-tourn"]
[EventRounds "11"]
[EventCountry "SVK"]
[SourceTitle "EXT 2016"]
[Source "ChessBase"]
[SourceDate "2015.10.08"]
[SourceVersion "1"]
[SourceVersionDate "2015.10.08"]
[SourceQuality "1"]
[WhiteTeam "Cadca Caissa II"]
[BlackTeam "Filakovo"]
[WhiteTeamCountry "SVK"]
[BlackTeamCountry "SVK"]

1. e4 Nc6 2. d4 e5 3. d5 Nce7 4. Nf3 Ng6 5. c4 Bc5 6. Nc3 N8e7 7. Be2 h6 8. Bd2 0-0 9. a3 a5 10. Na4 d6 11. Nxc5 dxc5 12. Qc2 Qd6 13. Bc3 Bd7 14. h4 f6 15. h5 Nh8 16. Qd2 a4 17. 0-0-0 Rfb8 18. g4 Nf7 19. Rdg1 c6 20. Nh4 b5 21. dxc6 Qxd2+ 22. Bxd2 Nxc6 23. Nf5 b4 24. Rg3 Kf8 25. Rd1 bxa3 26. Rxa3 Bxf5 27. exf5 Nd4 28. Bf3 Ra6 29. Bd5 Nd6 30. Be3 Nb3+ 31. Rxb3 axb3 32. Bxc5 Ra1+ 33. Kd2 Rxd1+ 34. Kxd1 Ke7 35. Kd2 Kd7 36. f3 Ne8 37. Kc3 Nc7 38. Bf7 Na6 39. Ba3 Kc6 40. Bd5+ Kd7 41. c5 Nc7 42. c6+ Ke8 43. Bxb3 Nb5+ 44. Kc4 Nxa3+ 45. bxa3 Kd8 46. Kc3 Kc7 47. Bd5 Ra8 48. Kb4 Rb8+ 1/2-1/2

[Event "SVK-chT2C 1112"]
[Site "Slovakia"]
[Date "2012.02.26"]
[Round "11.7"]
[White "Ballo, Rene"]
[Black "Minich, Miroslav"]
[Result "1/2-1/2"]
[WhiteElo "1942"]
[BlackElo "1929"]
[PlyCount "155"]
[EventDate "2011.10.08"]
[EventType "team-tourn"]
[EventRounds "11"]
[EventCountry "SVK"]
[SourceTitle "EXT 2013"]
[Source "ChessBase"]
[SourceDate "2012.11.22"]
[SourceVersion "1"]
[SourceVersionDate "2012.11.22"]
[SourceQuality "1"]
[WhiteTeam "Filakovo"]
[BlackTeam "Zvolen Slavia"]
[WhiteTeamCountry "SVK"]
[BlackTeamCountry "SVK"]

1. c4 c5 2. Nf3 Nc6 3. d4 cxd4 4. Nxd4 g6 5. e4 Bg7 6. Be3 Qa5+ 7. Nc3 Nf6 8. f3 0-0 9. Be2 d6 10. Qd2 a6 11. 0-0 Qc7 12. Rac1 Bd7 13. Rfd1 Rfd8 14. Nd5 Qb8 15. Nb6 Ra7 16. Nxd7 Nxd7 17. Nxc6 bxc6 18. Bxa7 Qxa7+ 19. Kh1 Rb8 20. b4 Qf2 21. a3 Be5 22. Rf1 Qh4 23. f4 Bg7 24. c5 Nf6 25. Bf3 Rd8 26. g3 Qh3 27. Qe2 h5 28. Rfd1 Qc8 29. cxd6 exd6 30. Qc4 h4 31. Qxc6 Qh3 32. Bg2 Qg4 33. Rd3 h3 34. Bf3 Qe6 35. Qc4 Qe7 36. Rcd1 Qa7 37. e5 Nh5 38. Bxh5 gxh5 39. Qe4 Rc8 40. Rxd6 Rc3 41. R6d3 Rxd3 42. Rxd3 Qf2 43. Rd1 Bf8 44. Re1 Be7 45. Qe2 Qd4 46. f5 Qd5+ 47. Qe4 Qd2 48. f6 Bd8 49. e6 Bxf6 50. e7 Bxe7 51. Rf1 Bf6 52. Qf3 Kf8 53. g4 hxg4 54. Qxg4 Be5 55. Qxh3 f6 56. Qg2 Qd6 57. Qf3 Qd2 58. Rf2 Qc1+ 59. Kg2 Qg5+ 60. Kh1 Qc1+ 61. Rf1 Qd2 62. Qf2 Qd5+ 63. Qg2 Qd3 64. Rf3 Qd1+ 65. Qf1 Qd5 66. Kg2 Qd2+ 67. Qf2 Qg5+ 68. Kh3 Qh5+ 69. Kg2 Qg5+ 70. Rg3 Bxg3 71. hxg3 Qd5+ 72. Qf3 Qd2+ 73. Kh3 Qh6+ 74. Kg4 Qg5+ 75. Kh3 Qh6+ 76. Kg2 Qd2+ 77. Qf2 Qd5+ 78. Qf3 1/2-1/2

[Event "RD-2011-0-00050"]
[Site "LSS email"]
[Date "2011.04.12"]
[Round "?"]
[White "Ballo, Rene"]
[Black "Schalkwijk, Peter H"]
[Result "0-1"]
[WhiteElo "1311"]
[BlackElo "1469"]
[PlyCount "33"]
[EventDate "2011.01.25"]
[EventType "tourn (corr)"]
[EventRounds "6"]
[EventCountry "GER"]
[SourceTitle "Corr 2013"]
[Source "ChessBase"]
[SourceDate "2012.11.12"]
[SourceVersion "1"]
[SourceVersionDate "2012.11.12"]
[SourceQuality "1"]

1. e4 d6 2. d4 Nf6 3. f3 Nbd7 4. Be3 c6 5. Nd2 Qb6 6. Rb1 e5 7. Nc4 Qd8 8. Bd3 b5 9. Nd2 Qa5 10. a3 d5 11. c3 Bd6 12. Ne2 0-0 13. 0-0 Qc7 14. g3 a6 15. Qc2 h5 16. Bg5 Nh7 17. Be3 0-1

[Event "SD-2011-0-00091"]
[Site "LSS email"]
[Date "2011.03.28"]
[Round "?"]
[White "Metz, Larry R"]
[Black "Ballo, Rene"]
[Result "1-0"]
[WhiteElo "1439"]
[BlackElo "1329"]
[PlyCount "23"]
[EventDate "2011.02.28"]
[EventType "tourn (corr)"]
[EventRounds "6"]
[EventCountry "GER"]
[SourceTitle "Corr 2015"]
[Source "ChessBase"]
[SourceDate "2015.07.17"]
[SourceVersion "1"]
[SourceVersionDate "2015.07.17"]
[SourceQuality "1"]

1. e4 e6 2. d4 d5 3. exd5 exd5 4. Nf3 Bd6 5. c4 dxc4 6. Bxc4 Ne7 7. Ng5 0-0 8. Qh5 h6 9. Nxf7 Qe8 10. Nxh6+ Kh7 11. Nf7+ Kg8 12. Qh8# 1-0

[Event "SD-2011-0-00091"]
[Site "LSS email"]
[Date "2011.03.28"]
[Round "?"]
[White "Vananderoye, Tom"]
[Black "Ballo, Rene"]
[Result "1-0"]
[WhiteElo "1890"]
[BlackElo "1329"]
[PlyCount "23"]
[EventDate "2011.02.28"]
[EventType "tourn (corr)"]
[EventRounds "6"]
[EventCountry "GER"]
[SourceTitle "Corr 2015"]
[Source "ChessBase"]
[SourceDate "2015.07.17"]
[SourceVersion "1"]
[SourceVersionDate "2015.07.17"]
[SourceQuality "1"]

1. e4 e6 2. Nf3 d5 3. Nc3 c5 4. exd5 exd5 5. Bb5+ Nc6 6. 0-0 Bg4 7. Re1+ Be7 8. Na4 Qa5 9. Bxc6+ bxc6 10. b3 Nh6 11. Bb2 d4 12. Re4 1-0

[Event "OP-2011-0-01451"]
[Site "LSS email"]
[Date "2011.03.20"]
[Round "?"]
[White "Ballo, Rene"]
[Black "Plummer, Martin"]
[Result "0-1"]
[WhiteElo "1311"]
[BlackElo "961"]
[PlyCount "28"]
[EventDate "2011.03.17"]
[EventType "tourn (corr)"]
[EventRounds "4"]
[EventCountry "GER"]
[SourceTitle "Corr 2015"]
[Source "ChessBase"]
[SourceDate "2015.07.17"]
[SourceVersion "1"]
[SourceVersionDate "2015.07.17"]
[SourceQuality "1"]

1. c4 d5 2. cxd5 Qxd5 3. Nc3 Qd8 4. g3 c6 5. Bg2 Nf6 6. Nf3 Bg4 7. 0-0 e6 8. d3 Nbd7 9. h3 Bh5 10. Qb3 Qc7 11. Be3 Be7 12. Rac1 0-0 13. Rfe1 Nd5 14. Nxd5 exd5 0-1

[Event "LSS SC-2010-0-00085"]
[Site "LSS email"]
[Date "2011.01.19"]
[Round "?"]
[White "Ballo, Rene"]
[Black "Herzog, Klaus"]
[Result "0-1"]
[WhiteElo "1379"]
[BlackElo "1802"]
[PlyCount "34"]
[EventDate "2010.12.10"]
[EventType "tourn (corr)"]
[EventRounds "6"]
[EventCountry "GER"]
[SourceTitle "Corr 2013"]
[Source "ChessBase"]
[SourceDate "2012.11.12"]
[SourceVersion "1"]
[SourceVersionDate "2012.11.12"]
[SourceQuality "1"]
[WhiteTeam "US of America"]
[BlackTeam "US of America"]
[WhiteTeamCountry "USA"]
[BlackTeamCountry "USA"]

1. c4 e5 2. Nc3 f5 3. Nf3 d6 4. d4 e4 5. Ng5 Be7 6. Nh3 Nf6 7. e3 0-0 8. Be2 c6 9. 0-0 Na6 10. a3 Nc7 11. b3 d5 12. Nf4 b6 13. Bb2 g5 14. Nh3 Ng4 15. g3 Qe8 16. Kg2 Qh5 17. Ng1 Qxh2# 0-1

[Event "LSS SC-2010-0-00085"]
[Site "LSS email"]
[Date "2011.01.19"]
[Round "?"]
[White "Kampmann, Marcel"]
[Black "Ballo, Rene"]
[Result "1-0"]
[WhiteElo "1465"]
[BlackElo "1379"]
[PlyCount "57"]
[EventDate "2010.12.10"]
[EventType "tourn (corr)"]
[EventRounds "6"]
[EventCountry "GER"]
[SourceTitle "Telechess CBM 145"]
[Source "Chessbase"]
[SourceDate "2011.11.11"]
[SourceVersion "1"]
[SourceVersionDate "2011.11.11"]
[SourceQuality "1"]

1. d4 Nc6 2. d5 Ne5 3. e4 Ng6 4. Nf3 d6 5. h4 e5 6. h5 N6e7 7. Nc3 h6 8. Be3 a6 9. Be2 f5 10. exf5 Nxf5 11. Qd3 Nf6 12. Nh4 Nxh4 13. Rxh4 Be7 14. Qg6+ Kf8 15. 0-0-0 Qe8 16. Qg3 b5 17. Kb1 b4 18. Rxb4 Nxh5 19. Qh2 Nf6 20. Rc4 Qd8 21. f4 exf4 22. Rxf4 Kg8 23. Rh1 Qe8 24. Bd4 Qg6 25. Bd3 Qg5 26. Ne4 Nxe4 27. Rxe4 Bf5 28. Rxe7 Qxe7 29. Bxf5 1-0

[Event "LSS SC-2010-0-00084"]
[Site "LSS email"]
[Date "2011.01.16"]
[Round "?"]
[White "Moreira, Carlos Alberto Lima"]
[Black "Ballo, Rene"]
[Result "1-0"]
[WhiteElo "1736"]
[BlackElo "1379"]
[PlyCount "27"]
[EventDate "2010.12.02"]
[EventType "tourn (corr)"]
[EventRounds "6"]
[EventCountry "GER"]
[SourceTitle "Corr 2013"]
[Source "ChessBase"]
[SourceDate "2012.11.12"]
[SourceVersion "1"]
[SourceVersionDate "2012.11.12"]
[SourceQuality "1"]
[WhiteTeam "US of America"]
[BlackTeam "US of America"]
[WhiteTeamCountry "USA"]
[BlackTeamCountry "USA"]

1. e4 Nc6 2. d4 e5 3. Nf3 exd4 4. Nxd4 Bc5 5. Nxc6 bxc6 6. Bd3 d6 7. 0-0 Nf6 8. Bg5 h6 9. Bf4 Bg4 10. Qd2 0-0 11. Nc3 Nh5 12. e5 d5 13. Bxh6 Qh4 14. Bg5 1-0

[Event "LSS SC-2010-0-00084"]
[Site "LSS email"]
[Date "2011.01.13"]
[Round "?"]
[White "Ballo, Rene"]
[Black "Milde, Lars"]
[Result "0-1"]
[WhiteElo "1379"]
[BlackElo "1591"]
[PlyCount "46"]
[EventDate "2010.12.02"]
[EventType "tourn (corr)"]
[EventRounds "6"]
[EventCountry "GER"]
[SourceTitle "Telechess CBM 145"]
[Source "Chessbase"]
[SourceDate "2011.11.11"]
[SourceVersion "1"]
[SourceVersionDate "2011.11.11"]
[SourceQuality "1"]

1. c4 e6 2. e4 d5 3. cxd5 exd5 4. e5 c5 5. f4 Nc6 6. Nf3 Nh6 7. Bb5 Nf5 8. Nc3 a6 9. Bxc6+ bxc6 10. a4 Be7 11. 0-0 0-0 12. a5 Rb8 13. g4 Nd4 14. f5 Nb3 15. Ra4 c4 16. d3 Nc5 17. Ra1 Nxd3 18. Qe2 Re8 19. Ra2 Bc5+ 20. Kg2 h5 21. h3 Rb3 22. Bg5 f6 23. Bh4 Nf4+ 0-1

[Event "LSS SC-2010-0-00084"]
[Site "LSS email"]
[Date "2011.01.13"]
[Round "?"]
[White "Ballo, Rene"]
[Black "Pott, Brian"]
[Result "0-1"]
[WhiteElo "1379"]
[BlackElo "1635"]
[PlyCount "64"]
[EventDate "2010.12.02"]
[EventType "tourn (corr)"]
[EventRounds "6"]
[EventCountry "GER"]
[SourceTitle "Telechess CBM 145"]
[Source "Chessbase"]
[SourceDate "2011.11.11"]
[SourceVersion "1"]
[SourceVersionDate "2011.11.11"]
[SourceQuality "1"]

1. c4 Nf6 2. Nc3 g6 3. e4 d6 4. g3 Bg7 5. Bg2 0-0 6. Nge2 e5 7. 0-0 c6 8. h3 Be6 9. d3 Qd7 10. Kh2 d5 11. cxd5 cxd5 12. f4 exf4 13. gxf4 Nc6 14. Ng3 Ne7 15. e5 Ne8 16. d4 f6 17. Be3 Rc8 18. Rc1 Nc7 19. Qb3 Nc6 20. Rf2 Na5 21. Qc2 Nc4 22. Qe2 b5 23. b3 Nxe3 24. Qxe3 Bh6 25. Rd1 fxe5 26. dxe5 Qf7 27. Nce2 Kh8 28. Qd4 a6 29. Rdf1 Qe7 30. Nc3 b4 31. Na4 Rf7 32. Nc5 Nb5 0-1

[Event "LSS SC-2010-0-00084"]
[Site "LSS email"]
[Date "2011.01.13"]
[Round "?"]
[White "Salazar Moran, Alejandro Fortunato"]
[Black "Ballo, Rene"]
[Result "1-0"]
[WhiteElo "1503"]
[BlackElo "1379"]
[PlyCount "24"]
[EventDate "2010.12.02"]
[EventType "tourn (corr)"]
[EventRounds "6"]
[EventCountry "GER"]
[SourceTitle "Corr 2013"]
[Source "ChessBase"]
[SourceDate "2012.11.12"]
[SourceVersion "1"]
[SourceVersionDate "2012.11.12"]
[SourceQuality "1"]
[WhiteTeam "US of America"]
[BlackTeam "US of America"]
[WhiteTeamCountry "USA"]
[BlackTeamCountry "USA"]

1. e4 Nc6 2. d4 e5 3. d5 Nce7 4. Bd3 Ng6 5. Ne2 Bc5 6. 0-0 h6 7. Nd2 d6 8. Bb5+ Bd7 9. Bxd7+ Qxd7 10. Ng3 N8e7 11. Nb3 b6 12. Nh5 0-0 1-0